History as wonder : beginning with historiography /

Bibliographic Details
Main Author: Hughes-Warrington, Marnie (Author)
Format: Book
Language:English
Published: London ; New York : Routledge, [2019]
Subjects:

MARC

Tag First Indicator Second Indicator Subfields
LEADER 00000cam a2200000 i 4500
001 in00004052021
005 20190422105101.0
008 180626t20192019enk b 001 0 eng
010 |a  2018030489 
020 |a 9781138846210  |q hardcover :  |q alkaline paper 
020 |a 113884621X  |q hardcover :  |q alkaline paper 
020 |a 9781138846227  |q paperback :  |q alkaline paper 
020 |a 1138846228  |q paperback :  |q alkaline paper 
020 |z 9780429427169  |q electronic book 
035 |a (OCoLC)on1043148431 
040 |a DLC  |e rda  |c DLC  |d UtOrBLW 
049 |a TXAM 
050 0 0 |a D13  |b .H7517 2019 
082 0 0 |a 907.2  |2 23 
100 1 |a Hughes-Warrington, Marnie,  |e author.  |0 http://id.loc.gov/authorities/names/no00085176 
245 1 0 |a History as wonder :  |b beginning with historiography /  |c Marnie Hughes-Warrington. 
264 1 |a London ;  |a New York :  |b Routledge,  |c [2019] 
264 4 |c ©2019 
300 |a xxiii, 210 pages ;  |c 24 cm. 
336 |a text  |b txt  |2 rdacontent 
337 |a unmediated  |b n  |2 rdamedia 
338 |a volume  |b nc  |2 rdacarrier 
504 |a Includes bibliographical references (pages [192]-205) and index. 
505 0 |a Sense and non-sense in ancient Greek histories -- Wonderful and curious histories in pre-modern Europe -- The wonders of history in the pre-modern islamic world -- Wonder against ritual: strange Chinese histories -- Historical cabinets of curiosity in early modern Europe -- Spirited histories in modern Europe -- Seeing the wonder trick in histories of the moving image -- History's others, history's ethics -- Renewing wonder in postcolonial histories -- The banality of history. 
650 0 |a Historiography.  |0 http://id.loc.gov/authorities/subjects/sh85061211 
945 |b 882923 
947 |a A14850572349 
948 |a cataloged  |b h  |c 2019/2/12  |d c  |e dmitchel  |f 8:00:00 am 
994 |a 92  |b TXA 
999 f f |s ef712c69-3791-3d1e-be2c-30c16c3430c4  |i 5b8045fa-1c34-3e83-a6f1-c5e5c7fda87f  |t 0 
952 f f |p normal  |a Texas A&M University  |b College Station  |c Sterling C. Evans Library  |d Evans: Library Stacks  |t 0  |e D13 .H7517 2019  |h Library of Congress classification  |i unmediated -- volume  |m A14850572349 
998 f f |a D13 .H7517 2019  |t 0  |l Evans: Library Stacks